1713 1794 1825 1203 1595 1886 1897 1740 1250 1314 1894 1367 1913 1447 1618 1206 1007 1762 1043 1927 1178 1894 1413 1425 1845 1536 1516 1304 1946 1210 1225 1895 1416 1065 1622 1098 1805 1877 1626 1882 1041 1209 1320 1987 1264 1830 1613 1723 1382 1488 1780 1805 1579 1803 1983 1675 1102 1581 1397 1688 1765 1150 1243 1407 1660 1630 1481 1024 1115 1264 1512 1122 1823 1036 1271 1881 1243 1414 1903 1111 1716 1002 1175 1257 1855 1389 1461 1983 1215 1503 1744 1524 1414 1473 1759 1880 1325 1671 1909 BCNSPRNW ULIB Ver.6.0+V

เปลี่ยนเป็นภาษาไทย

Change to English
 แสดงรายละเอียดบรรณานุกรม
  กลับหน้าหลัก

Brief Record : Get Marc (ISO 2709) : E-mail record : QR code < ปิดหน้าต่าง
LEADER : 00000nam 2200000uu 4500
001    13399121327
003     ULIB
008    121115s2550||||th 000 0 tha d
020    ^a9789744896698
050 04 ^aTK7885^bอ568จ
100 0  ^aอัมรินทร์ เพ็ชรกุล
245 10 ^aจัดการอีเมล์ และบริหารเวลา ด้วย Outlook 2007 ฉบับสมบูรณ์ /^cอัมรินทร์ เพ็ชรกุล
246 30 ^aOutlook 2007
260    ^aกรุงเทพฯ :^bซัคเซส มีเดีย,^c2550
300    ^a222 หน้า :^bภาพประกอบ ;^c21 ซม
650  7 ^aMicrosoft Outlook
650  7 ^aโปรแกรมคอมพิวเตอร์
710 1  ^aซัคเซส มีเดีย
945    ^p179^l0^i14828
995    ^aวิภา
999 ^a ทศพร
รายการนี้ยังไม่มีแท็ก
คุณยังไม่ได้ล็อกอิน คุณสามารถมีกิจกรรมร่วมกับเว็บไซต์ได้ แต่ต้องล็อกอินก่อน ::
  ล็อกอิน

รายการสื่อสารสนเทศ

ลำดับที่ ประเภท เลขเรียก/บาร์โค้ด สถานที่ สถานะ
1. วิทยาศาสตร์การแพทย์ และสุขภาพ
วิทยาศาสตร์การแพทย์ และสุขภาพ
TK7885 อ568จ  
  Barcode: 14828
ห้องสมุดวิทยาเขตสวรรค์ประชารักษ์
►หนังสือทั่วไป
บนชั้น

รายการใกล้เคียง
    ผู้แต่ง [อัมรินทร์ เพ็ชรกุล]

    หัวเรื่อง [Microsoft Outlook]
    หัวเรื่อง [โปรแกรมคอมพิวเตอร์]

BibComment


ยังไม่เคยถูกคอมเมนท์

คอมเมนท์ทรัพยากรรายการนี้
  คอมเมนท์: จัดการอีเมล์ และ..


 Copyright 2026. Bcnsprnw @Library